<?xml version="1.0" encoding="UTF-8"?>
<collection xmlns="http://www.loc.gov/MARC21/slim">
 <record>
  <leader>00733pamaa2200169   4500</leader>
  <controlfield tag="001">0000036312</controlfield>
  <controlfield tag="005">20080623090000.0</controlfield>
  <datafield tag="020" ind1="0" ind2="0">
   <subfield code="a">0735614393 (CD-ROM) </subfield>
  </datafield>
  <datafield tag="090" ind1="0" ind2="0">
   <subfield code="a">QA76.3 </subfield>
   <subfield code="b">MIC 2004</subfield>
  </datafield>
  <datafield tag="245" ind1="1" ind2="0">
   <subfield code="a">MCSA/MCSE training kit (Exam 70-291) : </subfield>
   <subfield code="b">Implementing, Managing, and Maintaining a Microsoft Windows Server 2003 Network Infrastructure [</subfield>
   <subfield code="m">CD-ROM].</subfield>
  </datafield>
  <datafield tag="260" ind1="0" ind2="0">
   <subfield code="a">Washington: </subfield>
   <subfield code="b">Microsoft press, </subfield>
   <subfield code="c">2004.</subfield>
  </datafield>
  <datafield tag="300" ind1=" " ind2=" ">
   <subfield code="a">2 CD-ROM; </subfield>
   <subfield code="c">4.5 inch.</subfield>
  </datafield>
  <datafield tag="500" ind1="0" ind2="0">
   <subfield code="a">To accompany textbook titled &quot; MCSA/MCSE training kit Microsoft windows server 2003 network infrastructure &quot;</subfield>
  </datafield>
  <datafield tag="650" ind1="0" ind2="0">
   <subfield code="a">Microsoft Windows server </subfield>
  </datafield>
  <datafield tag="650" ind1="0" ind2="0">
   <subfield code="a">Microsoft software -- </subfield>
   <subfield code="x">Examinations -- </subfield>
   <subfield code="x">Study guides </subfield>
  </datafield>
  <datafield tag="650" ind1="0" ind2="0">
   <subfield code="a">Electronic data processing personnel -- </subfield>
   <subfield code="x">Certification </subfield>
  </datafield>
 </record>
</collection>
